| 000 -Cabeçalho |
| Cabeçalho |
00407nam 22001453 4500 |
| 001 - Identificador do registo |
| Identificador do registo |
32593 |
| 090 ## - Número de controle KOHA |
| Número biblioitem KOHA |
32593 |
| 100 ## - Dados gerais de processamento |
| Dados gerais de processamento |
20260317d u||y0pory50 ba |
| 101 ## - Língua da publicação |
| Língua do texto, banda sonora, etc. |
Inglês |
| 200 ## - Título e menção de responsabilidade |
| Título próprio |
Satellite Remote Sensing and GIS Applications in Agricultural Meteorology |
| Informação de outro título |
M.V.K. Sivakumar et al. |
| 210 ## - Publicação, distribuição, etc. |
| Lugar da edição, distribuição, etc. |
Geneve |
| Nome do editor, distribuidor, etc. |
World Metereological Organization |
| Data da publicação, distribuição, etc. |
2004 |
| 215 ## - Descrição física |
| Tipo do material e extensão do item |
427 p. |
| Dimensões |
23 cm. |
| 317 ## - Nota de proveniência |
| Instituição e exemplar a que o campo se aplica |
IM |
| 801 ## - Fonte de origem |
| Regras de catalogação |
ISBD |
| 942 ## - Informação adicional KOHA |
| Inibição de acesso no OPAC |
Não |